Dare to win

Bibliographic Details
Main Author: Hansen, Mark Victor
Corporate Author: Title
Other Authors: Canfield, Jack
Format: Book
Published: Kuala Lumpur : Golden Books Centre , 2005
Subjects:

MARC

LEADER 00000cam a2200000 7i4500
001 0000012288
005 20071212.0
008 071212
020 |a 9837201347 
090 0 0 |a 158.1   |b HAN 
100 1 |a Hansen, Mark Victor 
245 1 0 |a Dare to win   |c Mark Victor Hansen and Jack Canfield 
260 |a Kuala Lumpur :   |b Golden Books Centre ,   |c 2005 
650 0 |a English fiction 
650 0 |a Problem solving 
700 1 |a Canfield, Jack 
710 0 |a Title 
999 |a 0001003515   |b Book   |c Adult Collection   |e Perbadanan Perpustakaan Awam Johor 
999 |a 0001003516   |b Book   |c Adult Collection   |e Perbadanan Perpustakaan Awam Johor